Моделирование передачи данных в беспроводных сенсорных сетях; Известия Томского политехнического университета [Известия ТПУ]; Т. 321, № 5 : Управление, вычислительная техника и информатика

গ্রন্থ-পঞ্জীর বিবরন
Parent link:Известия Томского политехнического университета [Известия ТПУ]/ Томский политехнический университет (ТПУ).— , 2000-
Т. 321, № 5 : Управление, вычислительная техника и информатика.— 2012.— [С. 223-227]
প্রধান লেখক: Тараканов Е. В. Евгений Владимирович
সংক্ষিপ্ত:Заглавие с титульного листа
Электронная версия печатной публикации
Приведен обзор беспроводных сенсорных сетей, дано описание среды моделирования TOSSIM, и приведен пример моделирования протокола передачи пакетов данных в беспроводной сенсорной сети.
ভাষা:রুশ
প্রকাশিত: 2012
মালা:Управление, вычислительная техника и информатика
বিষয়গুলি:
অনলাইন ব্যবহার করুন:http://earchive.tpu.ru/bitstream/11683/4545/1/bulletin_tpu-2012-321-5-46.pdf
বিন্যাস: বৈদ্যুতিক গ্রন্থের অধ্যায়
KOHA link:https://koha.lib.tpu.ru/cgi-bin/koha/opac-detail.pl?biblionumber=233497

MARC

LEADER 00000nla2a2200000 4500
001 233497
005 20231031203605.0
035 |a (RuTPU)RU\TPU\book\254575 
035 |a RU\TPU\book\254574 
090 |a 233497 
100 |a 20130305d2012 k y0rusy50 ca 
101 0 |a rus 
102 |a RU 
135 |a drnn ---uucaa 
181 0 |a i  
182 0 |a b 
200 1 |a Моделирование передачи данных в беспроводных сенсорных сетях  |b Электронный ресурс  |f Е. В. Тараканов 
203 |a Текст  |c электронный 
215 |a 1 файл (348 Кб) 
225 1 |a Управление, вычислительная техника и информатика 
230 |a Электронные текстовые данные (1 файл : 348 Кб) 
300 |a Заглавие с титульного листа 
300 |a Электронная версия печатной публикации 
320 |a [Библиогр.: с. 227 (11 назв.)] 
330 |a Приведен обзор беспроводных сенсорных сетей, дано описание среды моделирования TOSSIM, и приведен пример моделирования протокола передачи пакетов данных в беспроводной сенсорной сети. 
337 |a Adobe Reader 
461 1 |0 (RuTPU)RU\TPU\book\176237  |t Известия Томского политехнического университета [Известия ТПУ]  |f Томский политехнический университет (ТПУ)  |d 2000- 
463 1 |0 (RuTPU)RU\TPU\book\254124  |x 1684-8519  |t Т. 321, № 5 : Управление, вычислительная техника и информатика  |v [С. 223-227]  |d 2012  |p 261 с. 
610 1 |a беспроводные сенсорные сети 
610 1 |a TOSSIM 
610 1 |a моделирование 
610 1 |a перегрузки 
610 1 |a сети 
610 1 |a агрегирование 
610 1 |a предпочтения 
610 1 |a отношение консенсуса 
610 1 |a труды учёных ТПУ 
610 1 |a электронный ресурс 
700 1 |a Тараканов  |b Е. В.  |c специалист в области компьютерных измерительных систем и метрологии  |c ассистент кафедры Томского политехнического университета  |f 1982-  |g Евгений Владимирович  |2 stltpush  |3 (RuTPU)RU\TPU\pers\26854 
801 1 |a RU  |b 63413507  |c 20090623  |g PSBO 
801 2 |a RU  |b 63413507  |c 20220124  |g PSBO 
856 4 |u http://earchive.tpu.ru/bitstream/11683/4545/1/bulletin_tpu-2012-321-5-46.pdf 
942 |c CF